000 00664nam a2200241Ia 4500
003 OSt
005 20221006164335.0
006 a|||||r|||| 00| 0
007 ta
008 221006b |||||||| |||| 00| 0 eng d
024 _a6,975
037 _cTextual
040 _aFML
_cFML
_beng
041 _2eng
_aeng
082 _aNR5, L1
100 _aBarsham Dinah Au.
_9677210
245 0 _aIntroduction To Music
260 _aBakinghamshirt
_bThe Open University Press U. K.
_c1971
300 _a49
_ccm.
700 _a Hendrie Gerald Au.
_9677211
942 _hNR5, L1
_cTEXL
_2CC
999 _c1116926
_d1116926